| 000 | 00768nam a2200217Ia 4500 | ||
|---|---|---|---|
| 999 |
_c40756 _d40756 |
||
| 001 | 7395 | ||
| 003 | GE_BSU | ||
| 005 | 20191226172326.0 | ||
| 008 | 181216s2013||||ge |||||||||||||| ||geo|| | ||
| 020 | _a15122212 | ||
| 040 | _cGE_BSU | ||
| 041 | _ageo | ||
| 080 | _a378.4(479.223)(063)+94(479.22)+39(=353.1)+398(=353.1)+811.353.1 კ-83 | ||
| 245 |
_aკრებული : _bტ.7 _cრედ. მამია ფაღავა |
||
| 264 |
_aბათუმი : _bშოთა რუსთაველის სახ. უნ-ტი, _c2013. |
||
| 300 |
_a296 გვ. ; _b26 სმ. |
||
| 653 | _aკრებული | ||
| 653 | _aისტორია | ||
| 700 |
_aფაღავა, მამია _eრედაქტორი _95976 |
||
| 942 |
_cBK _2udc |
||